| 000 | 00000nam 22000008a 4500 |
| 001 | 9.834742 |
| 003 | CaOODSP |
| 005 | 20221107150513 |
| 007 | cr ||||||||||| |
| 008 | 170404s2017 quc o f00| 0 fre d |
| 020 | |a978-0-660-08188-5 |
| 040 | |aCaOODSP|bfre |
| 043 | |an-cn--- |
| 086 | 1 |aCW66-549/2017F-PDF |
| 245 | 00|aEspèces en peril |h[ressource électronique] : |bévaluation, éducation et restauration de l’habitat dans la réserve de la Première nation de Kettle et de Stony Point. |
| 260 | |a[Gatineau, Québec] : |bEnvironnement et Changement climatique Canada, |c[2017]. |
| 300 | |a[1] p. |
| 500 | |aPubl. aussi en anglais sous le titre : Species at risk: assessment, education and habitat restoration on the Kettle and Stony Point First Nations Reserve. |
| 500 | |aTitre de départ. |
| 500 | |a« Fonds autochtone pour les espèces en péril - Volet des espèces en péril. » |
| 692 | 07|2gccst|aEspèce menacée |
| 692 | 07|2gccst|aConservation de la nature |
| 692 | 07|2gccst|aHabitat |
| 710 | 2 |aService canadien de la faune. |
| 775 | 08|tSpecies at risk |w(CaOODSP)9.834741 |
| 856 | 40|qPDF|s353 Ko|uhttps://publications.gc.ca/collections/collection_2017/eccc/CW66-549-2017-fra.pdf |